Ninjago: Masters of Spinjitzu Characters Quiz - Statistics

General Stats
  • This quiz has been taken 596 times
  • The average score is 37 of 96
Answer Stats
Hint Answer % Correct
Elemental master of Earth Cole
97%
Elemental master of Lightning Jay
97%
Elemental master of Fire Kai
97%
Elemental master of Ice Zane
97%
Elemental master of Energy/Power Lloyd
95%
Elemental master of Water Nya
95%
Second son of #1 Wu
95%
First son of the above Garmadon
93%
"Brown Ninja" Dareth
86%
Mother of the Green Ninja Misako
85%
Elemental master of Amber Skylor
84%
New Samurai X P.I.X.A.L.
80%
Elemental master of Metal Karlof
72%
Last Anacondrai Pythor
68%
Creator of the realm of Ninjago First Spinjitzu Master
63%
Elemental master of Poison Tox
63%
Elemental master of Wind Morro
61%
Elemental master of Smoke Ash
60%
The Greatest Evil in Ninjago The Overlord
59%
Elemental master of Mind Neuro
58%
CEO of Borg Industries Cyrus Borg
57%
"The Quiet One" Harumi
57%
Anacondrai Cult leader Chen
54%
Elemental master of Gravity Gravis
53%
Younger Time Twin Acronix
52%
Older Time Twin Krux
52%
Hypnobrai general Skales
52%
Elemental master of Nature Bolobo
51%
Elemental master of Speed Griffin Turner
51%
Master thief Ronin
51%
Skulkin leader Samukai
51%
Captain of the Destiny's Bounty Soto
51%
Elemental master of Shadow Shade
50%
Replica of Zane Gold Echo Zane
46%
Captain of Misfortune's Keep Nadakhan
45%
Elemental master of Light Paleman
45%
Creator of Airjitzu Yang
45%
Old tea lady Mystaké
44%
Anacondrai Cult spellcaster Clouse
42%
Small Nindroid Mindroid
40%
Elemental master of Form Chamille
39%
Nindroid general Cryptor
39%
Sons of Garmadon general Ultra Violet
39%
Sons of Garmadon general Mr. E
38%
Above's greatest hunter Heavy Metal/Faith
36%
Leader of the Dragon Hunters Iron Baron
35%
Stone Army general Kozu
33%
Fangpyre general Fangtom
29%
Sons of Garmadon general Killow
29%
Skulkin general Kruncha
29%
First mate of Misfortune's Keep Flintlocke
28%
"Low man on the totem pole" of Misfortune's Keep Clancee
27%
"Purple Ninja" Lil' Nelson
27%
The Cursed Realm The Preeminent
27%
Brute force of Misfortune's Keep Dogshank
26%
Venomari general Acidicus
25%
Skulkin general Nuckal
25%
Anacondrai Cult member with a mohawk Eyezor
24%
True Anacondrai general Arcturus
23%
Blade Master Bansha
23%
Bow Master Soul Archer
23%
Scythe Master Ghoul Tar
21%
Vermillion general Machia
21%
Bodyguard of the Royal Family Hutchins
20%
Elemental master of Sound Jacob Pevsner
20%
Constrictai general Skalidor
20%
Dragon Hunter without legs Daddy No-Legs
19%
Mechanic of Misfortune's Keep Monkey Wretch
19%
Tail gunner of Misfortune's Keep Doubloon
18%
Skulkin general Wyplash
18%
Anacondrai Cult guard Chope
17%
Fangpyre warrior Fangdam
17%
Dragon Hunter entertainer Chew Toy
15%
Anacondrai Cult guard Kapau
15%
Venomari soldier Spitta
15%
Skulkin vehicle designer Bonezai
13%
Skulkin soldier Krazi
13%
Fangpyre soldier Fang-Suei
12%
Venomari scout Lasha
12%
Vermillion general Raggmunk
12%
Hypnobrai warrior Slithraa
12%
Chain Master Wrayth
12%
Dragon Hunter with a mohawk Jet Jack
11%
Hypnobrai soldier Mezmo
11%
Vermillion general Blunck
10%
Constrictai warrior Bytar
10%
Constrictai soldier Chokun
10%
Skulkin soldier Frakjaw
10%
Dragon Hunter who mutters Muzzle
10%
Hypnobrai scout Rattla
10%
Fangpyre scout Snappa
10%
Anacondrai Cult prison guard Zugu
10%
Constrictai scout Snike
9%
Skulkin mechanic Chopov
8%
Venomari warrior Lizaru
8%
Dragon Hunter with a welding mask Arkade
7%
No matching quizzes found
Score Distribution
Percent of People with Each Score
Percentile by Number Answered
Your Score History
You have not taken this quiz